| 000 | 01352cam a2200349 a 4500 | ||
|---|---|---|---|
| 999 |
_c57529 _d57529 |
||
| 001 | 1105313 | ||
| 005 | 20200702131933.0 | ||
| 008 | 930608r19941973nyua b 001 0 eng | ||
| 010 | _a 93005255 | ||
| 020 | _a0387941266 (New York : alk. paper) | ||
| 020 | _a3540941266 (Berlin : alk. paper) | ||
| 040 |
_aDLC _cDLC _dDLC |
||
| 041 | _aeng | ||
| 050 | 0 | 0 |
_aQA612.3 _b.V53 1994 |
| 080 | _a515.1+512 V-59 | ||
| 082 | 0 | 0 |
_a514/.23 _220 |
| 100 | 1 |
_aVick, James W. _99000 |
|
| 245 | 1 | 0 |
_aHomology theory : _ban introduction to algebraic topology / _cJames W. Vick. |
| 250 | _a2nd ed. | ||
| 260 |
_aNew York : _bSpringer-Verlag, _cc1994. |
||
| 300 |
_axiv, 242 p. : _bill. ; _c25 cm. |
||
| 440 | 0 |
_aGraduate texts in mathematics ; _v145 _99001 |
|
| 500 | _aOriginally published: New York : Academic Press, c1973. (Pure and applied mathematics ; v. 53). | ||
| 504 | _aIncludes bibliographical references (p. 229-238) and index. | ||
| 650 | 0 |
_aHomology theory. _99002 |
|
| 653 | _aალგებრა | ||
| 653 | _aტოპოლოგია | ||
| 856 | 4 | 2 |
_3Publisher description _uhttp://www.loc.gov/catdir/enhancements/fy0815/93005255-d.html |
| 906 |
_a7 _bcbc _corignew _d1 _eocip _f19 _gy-gencatlg |
||
| 942 |
_2udc _cBK |
||
| 955 | _apc03 to ja00 06-08-93;l jd28 06-08-93; jd99 06-08-93; jd27 06-09-93; aa20 6-10-93; CIP ver jd07 03-19-94 | ||